U.S. States Whose First Two Letters Match The Abbreviation - Statistics

General Stats
  • This quiz has been taken 59 times
  • The average score is 15 of 19
Answer Stats
Abbv State % Correct
AR Arkansas
94%
AL Alabama
90%
CA California
88%
DE Delaware
88%
FL Florida
88%
CO Colorado
84%
MI Michigan
84%
WY Wyoming
84%
IN Indiana
82%
MA Massachusetts
82%
OR Oregon
82%
WA Washington
82%
IL Illinois
80%
ID Idaho
76%
NE Nebraska
76%
UT Utah
76%
OH Ohio
75%
WI Wisconsin
69%
OK Oklahoma
65%
No matching quizzes found
Score Distribution
Percent of People with Each Score
Percentile by Number Answered
Your Score History
You have not taken this quiz